[Event "46th Rilton Cup 2016-17"]
[Site "Stockholm SWE"]
[Date "2016.12.27"]
[Round "1.2"]
[White "Louis, Thibault"]
[Black "Sasikiran, Krishnan"]
[Result "0-1"]
[BlackTitle "GM"]
[WhiteElo "2316"]
[BlackElo "2661"]
[WhiteFideId "681369"]
[BlackFideId "5004985"]
[EventDate "2016.12.27"]

1. e4 c5 2. Nf3 d6 3. Bb5+ Nd7 4. c4 a6 5. Bxd7+ Bxd7 6. d4 cxd4 7. Qxd4 e5 8.
Qd3 h6 9. O-O Nf6 10. Nc3 Be7 11. a4 O-O 12. a5 Bc6 13. Be3 Qc8 14. Rac1 Nxe4
15. Nxe4 Qg4 16. Nfd2 f5 17. f3 fxe4 18. Nxe4 Qg6 19. Nf2 Rf5 20. Kh1 Raf8 21.
b4 Qh5 22. b5 axb5 23. cxb5 Bxf3 24. gxf3 Qxf3+ 25. Kg1 R8f6 26. Qxf5 Qxf5 27.
Nh1 Qd3 28. Rc8+ Kh7 29. Rxf6 Bxf6 30. Bb6 Qd1+ 0-1

[Event "46th Rilton Cup 2016-17"]
[Site "Stockholm SWE"]
[Date "2016.12.27"]
[Round "1.3"]
[White "Kravtsiv, Martyn"]
[Black "Hobber, Anders"]
[Result "1-0"]
[WhiteTitle "GM"]
[BlackTitle "FM"]
[WhiteElo "2645"]
[BlackElo "2312"]
[WhiteFideId "14113147"]
[BlackFideId "1505424"]
[EventDate "2016.12.27"]

1. e4 e6 2. d4 d5 3. Nc3 Nf6 4. e5 Nfd7 5. f4 c5 6. Nf3 Nc6 7. Be3 Be7 8. Qd2
O-O 9. dxc5 Nxc5 10. O-O-O Qa5 11. Kb1 Rd8 12. Bd3 Nxd3 13. Qxd3 b6 14. Nd4 Nxd4
15. Bxd4 Ba6 16. Qe3 Rac8 17. g4 Rc4 18. f5 Rdc8 19. f6 Bc5 20. h4 h6 21. fxg7
Kxg7 22. g5 h5 23. Qf3 Rxd4 24. Qf6+ Kg8 25. g6 Rxd1+ 26. Rxd1 fxg6 27. Qxg6+
Kf8 28. Qf6+ Ke8 29. Qxe6+ Be7 1-0

[Event "46th Rilton Cup 2016-17"]
[Site "Stockholm SWE"]
[Date "2016.12.27"]
[Round "1.4"]
[White "Santarius, Erik F"]
[Black "Bluebaum, Matthias"]
[Result "0-1"]
[BlackTitle "GM"]
[WhiteElo "2312"]
[BlackElo "2640"]
[WhiteFideId "2025817"]
[BlackFideId "24651516"]
[EventDate "2016.12.27"]

1. e4 e6 2. d4 d5 3. Nc3 Nf6 4. e5 Nfd7 5. f4 c5 6. Nf3 Nc6 7. Be3 Be7 8. Qd2 a6
9. a3 O-O 10. Be2 b5 11. dxc5 Nxc5 12. O-O Qc7 13. Nd4 Bb7 14. b4 Ne4 15. Nxe4
dxe4 16. Nb3 Rfd8 17. Qc3 Rac8 18. Rfd1 Nd4 19. Qxc7 Nxe2+ 20. Kf1 Rxc7 21.
Rxd8+ Bxd8 22. Kxe2 Rxc2+ 23. Bd2 e3 24. Kxe3 Bxg2 25. Rc1 Bb6+ 26. Nc5 Ra2 27.
Ke2 Bd5 28. a4 Bc4+ 29. Ke1 h5 30. a5 Bxc5 31. bxc5 Kf8 32. c6 Ke8 33. Rd1 Bd5
34. Be3 Rxh2 35. Rd2 Rxd2 36. Bxd2 Kd8 0-1

[Event "46th Rilton Cup 2016-17"]
[Site "Stockholm SWE"]
[Date "2016.12.27"]
[Round "1.5"]
[White "Goganov, Aleksey"]
[Black "Furhoff, Johan"]
[Result "1/2-1/2"]
[WhiteTitle "GM"]
[BlackTitle "IM"]
[WhiteElo "2637"]
[BlackElo "2311"]
[WhiteFideId "24109959"]
[BlackFideId "1701797"]
[EventDate "2016.12.27"]

1. c4 e5 2. g3 Nc6 3. Bg2 f5 4. Nc3 Nf6 5. e3 d5 6. cxd5 Nb4 7. d3 Nfxd5 8. Nxd5
Nxd5 9. Ne2 Bb4+ 10. Bd2 Bxd2+ 11. Qxd2 O-O 12. O-O Be6 13. Rad1 f4 14. exf4
exf4 15. Bxd5 Bxd5 16. Nxf4 Bxa2 17. Rfe1 Qd6 18. d4 Bb3 19. Rc1 c6 20. Re5 Rad8
21. Qe3 Bf7 22. Rd1 Rfe8 23. Re1 Rf8 24. Rd1 Rfe8 25. Rd3 Qb4 26. Ne6 Bxe6 27.
Rxe6 Rxe6 28. Qxe6+ Kh8 29. Rb3 Qxd4 30. Rxb7 c5 31. Qc6 h6 32. Rxa7 Qxb2 33.
Rf7 Qd4 34. Rf5 c4 35. Rf4 Qd1+ 36. Kg2 Qd5+ 37. Qxd5 Rxd5 38. Rxc4 h5 39. h3 g6
40. Rc7 Kg8 41. g4 hxg4 42. hxg4 Ra5 43. Kg3 Rb5 44. Kf4 Ra5 45. Re7 Rb5 46. Re5
Rb7 47. Kg5 Kg7 48. f4 Ra7 49. Rb5 Rc7 50. Rb6 Rc5+ 51. f5 gxf5 52. gxf5 Rc7 53.
Rg6+ Kf7 54. Rh6 Kg7 55. Rg6+ Kf7 56. Rh6 Kg7 57. f6+ Kg8 58. Kg6 Ra7 59. Rh1
Rg7+ 60. fxg7 1/2-1/2

[Event "46th Rilton Cup 2016-17"]
[Site "Stockholm SWE"]
[Date "2016.12.27"]
[Round "1.6"]
[White "Hejazipour, Mitra"]
[Black "Sokolov, Ivan"]
[Result "0-1"]
[WhiteTitle "WGM"]
[BlackTitle "GM"]
[WhiteElo "2307"]
[BlackElo "2632"]
[WhiteFideId "12505951"]
[BlackFideId "14400030"]
[EventDate "2016.12.27"]

1. d4 Nf6 2. c4 e6 3. Nf3 b6 4. a3 Be7 5. Nc3 d5 6. cxd5 exd5 7. Bf4 O-O 8. e3
c5 9. Be2 Bb7 10. h3 Nbd7 11. O-O a6 12. dxc5 bxc5 13. Rc1 Re8 14. Ne5 Nf8 15.
Qb3 Ra7 16. Qa4 Ne6 17. Bb5 Rf8 18. Bh2 d4 19. Rfd1 Qa8 20. Nc6 axb5 21. Qxa7
Bxc6 22. Qxa8 Rxa8 23. exd4 Nxd4 24. Re1 Ne6 25. Red1 h5 26. Bd6 Kf8 27. Ne2 h4
28. Nf4 Nxf4 29. Bxf4 Nd5 30. Bd2 f6 31. Re1 Kf7 32. Re2 g5 33. Rce1 c4 34. Re6
Bd7 35. R6e4 Bc5 36. Rc1 Bf5 37. Ree1 Bd4 38. Bxg5 fxg5 39. Rcd1 Bd3 0-1

[Event "46th Rilton Cup 2016-17"]
[Site "Stockholm SWE"]
[Date "2016.12.27"]
[Round "1.7"]
[White "Neiksans, Arturs"]
[Black "Saravanan, V."]
[Result "1-0"]
[WhiteTitle "GM"]
[BlackTitle "IM"]
[WhiteElo "2631"]
[BlackElo "2306"]
[WhiteFideId "11601388"]
[BlackFideId "5000580"]
[EventDate "2016.12.27"]

1. e4 c5 2. Nf3 d6 3. Bb5+ Nc6 4. O-O Bd7 5. Re1 Nf6 6. c3 a6 7. Bf1 e5 8. h3
Be7 9. d4 Qc7 10. d5 Nd8 11. a4 O-O 12. a5 Ne8 13. Nbd2 f5 14. exf5 Bxf5 15. Nc4
Nf7 16. Nb6 Rb8 17. Be3 Qd8 18. b4 cxb4 19. cxb4 Ng5 20. Nd2 Nf7 21. Rc1 Bg5 22.
Qb3 Nf6 23. Bxg5 Nxg5 24. Qe3 h6 25. Rc3 Nd7 26. Ndc4 Nf6 27. Ra3 Rf7 28. Be2
Bg6 29. Rf1 Nh5 30. Bxh5 Bxh5 31. f4 exf4 32. Rxf4 Qe8 33. Rxf7 Nxf7 34. Kh2 Qb5
35. Qg3 Qxb4 36. Re3 Kf8 37. Nd7+ 1-0

[Event "46th Rilton Cup 2016-17"]
[Site "Stockholm SWE"]
[Date "2016.12.27"]
[Round "1.9"]
[White "Postny, Evgeny"]
[Black "Kolbus, Dietmar"]
[Result "1-0"]
[WhiteTitle "GM"]
[BlackTitle "IM"]
[WhiteElo "2620"]
[BlackElo "2299"]
[WhiteFideId "2804344"]
[BlackFideId "4610628"]
[EventDate "2016.12.27"]

1. d4 d5 2. c4 e6 3. Nf3 Nf6 4. g3 Be7 5. Bg2 O-O 6. O-O c6 7. Qc2 Ne4 8. Nbd2
Nxd2 9. Bxd2 f5 10. b4 Nd7 11. b5 Bf6 12. Rab1 Re8 13. Rfc1 Nf8 14. bxc6 bxc6
15. Qa4 Qd7 16. e3 Ng6 17. Bf1 dxc4 18. Rxc4 Ne7 19. Rc5 Bb7 20. Ra5 Bc8 21. Rc1
Qb7 22. Bb4 Nd5 23. Bc5 a6 24. Qc2 Qc7 25. Qd2 Bd8 26. Ra3 a5 27. Rb3 Bf6 28.
Rcb1 e5 29. dxe5 Bxe5 30. Nxe5 Qxe5 31. Bd4 Qd6 32. Ba1 Ra7 33. Rb8 a4 34. Qd4
Qe7 35. Bg2 a3 36. Rc1 Rd7 37. Rxc6 Nxe3 38. Rcxc8 Rxd4 39. Rxe8+ Qxe8 40. Rxe8+
Kf7 41. Bxd4 1-0

[Event "46th Rilton Cup 2016-17"]
[Site "Stockholm SWE"]
[Date "2016.12.27"]
[Round "1.10"]
[White "Ziegler, Ari"]
[Black "Sevian, Samuel"]
[Result "1-0"]
[WhiteTitle "IM"]
[BlackTitle "GM"]
[WhiteElo "2299"]
[BlackElo "2603"]
[WhiteFideId "1700987"]
[BlackFideId "2040506"]
[EventDate "2016.12.27"]

1. d4 Nf6 2. Bf4 e6 3. e3 d5 4. Nf3 c5 5. c3 Nc6 6. Nbd2 Bd6 7. Bg3 O-O 8. Bd3
b6 9. Qe2 Bb7 10. Rd1 Re8 11. Ne5 Qc7 12. f4 Ne7 13. Qf3 Nf5 14. Bf2 Be7 15. g4
Nd6 16. g5 Nfe4 17. h4 f6 18. gxf6 Bxf6 19. Ng4 Rf8 20. h5 Kh8 21. Nxf6 Rxf6 22.
Bh4 Rf7 23. Qh3 cxd4 24. cxd4 Nf5 25. Ke2 Rc8 26. Nf3 Qd6 27. a3 Rfc7 28. Ne5
Rc2+ 29. Bxc2 Rxc2+ 30. Kf3 Qc7 31. Ng6+ Kg8 32. Ne7+ Qxe7 33. Bxe7 Rf2+ 34. Kg4
Ba6 35. Rde1 Nh6+ 36. Kh4 Nf5+ 37. Qxf5 exf5 38. h6 g6 39. Rc1 Rg2 40. Kh3 Rxb2
41. Rc7 Be2 42. Bb4 g5 43. Rg7+ Kh8 44. fxg5 Bf3 45. Rxa7 Kg8 46. Rg7+ Kh8 47.
Rg1 Re2 48. Rb7 Kg8 49. Rb8+ Kf7 50. g6+ hxg6 51. Rf8+ Ke6 52. Rxg6+ Kd7 53.
Rf7+ Ke8 54. Re7+ 1-0

[Event "46th Rilton Cup 2016-17"]
[Site "Stockholm SWE"]
[Date "2016.12.27"]
[Round "1.11"]
[White "Antipov, Mikhail Al."]
[Black "Nesterov, Arseniy"]
[Result "1-0"]
[WhiteTitle "GM"]
[WhiteElo "2580"]
[BlackElo "2296"]
[WhiteFideId "4107012"]
[BlackFideId "24198455"]
[EventDate "2016.12.27"]

1. e4 e5 2. Nc3 Nc6 3. g3 Nf6 4. Bg2 d6 5. d3 Be7 6. Nge2 O-O 7. O-O Re8 8. f4
Rb8 9. f5 b5 10. Be3 Ng4 11. Bd2 Bg5 12. Nf4 exf4 13. gxf4 Nxh2 14. Kxh2 Bf6 15.
Be1 b4 16. Nd5 Bxb2 17. Rb1 Bd4 18. Qg4 Kh8 19. Rf3 Ne7 20. c3 Nxd5 21. cxd4 Nf6
22. Qh4 d5 23. e5 Ng8 24. f6 gxf6 25. Qh5 Qe7 26. Bh4 Qd7 27. Bh3 f5 28. Rg1 Rb6
29. Rg5 Nh6 30. Rfg3 a5 31. Rg7 Qc6 32. Bf6 Qxf6 33. exf6 Rxf6 34. Qg5 Re2+ 35.
Kg1 1-0

[Event "46th Rilton Cup 2016-17"]
[Site "Stockholm SWE"]
[Date "2016.12.27"]
[Round "1.12"]
[White "Bergstrom, Rolf"]
[Black "Blomqvist, Erik"]
[Result "0-1"]
[WhiteTitle "FM"]
[BlackTitle "GM"]
[WhiteElo "2290"]
[BlackElo "2567"]
[WhiteFideId "1702386"]
[BlackFideId "1709437"]
[EventDate "2016.12.27"]

1. e4 c5 2. Nf3 d6 3. Bb5+ Bd7 4. Bxd7+ Nxd7 5. O-O Ngf6 6. Qe2 e6 7. b3 g6 8.
Bb2 Bg7 9. d3 O-O 10. Nbd2 Rc8 11. c3 e5 12. c4 Nb8 13. g3 Nc6 14. Nh4 Ne8 15.
Qg4 Rc7 16. Kh1 f5 17. Qe2 f4 18. Nhf3 Qc8 19. Rg1 fxg3 20. fxg3 Bh6 21. Raf1
Rcf7 22. Ne1 Nf6 23. Ndf3 Qh3 24. Qg2 Qxg2+ 25. Kxg2 Ng4 26. Nc2 Nb4 27. Nfe1
Rf2+ 28. Rxf2 Rxf2+ 29. Kh3 Nxc2 30. Ng2 Nce3 0-1

[Event "46th Rilton Cup 2016-17"]
[Site "Stockholm SWE"]
[Date "2016.12.27"]
[Round "1.13"]
[White "Urkedal, Frode"]
[Black "Haug, Johannes"]
[Result "1-0"]
[WhiteTitle "GM"]
[BlackTitle "FM"]
[WhiteElo "2557"]
[BlackElo "2287"]
[WhiteFideId "1506102"]
[BlackFideId "1509268"]
[EventDate "2016.12.27"]

1. d4 Nf6 2. c4 e6 3. Nf3 d5 4. Nc3 c5 5. cxd5 Nxd5 6. e4 Nxc3 7. bxc3 cxd4 8.
cxd4 Bb4+ 9. Bd2 Bxd2+ 10. Qxd2 O-O 11. Bc4 Nd7 12. O-O b6 13. a4 Bb7 14. Rfe1
Rc8 15. Bd3 a5 16. Rab1 Qe7 17. Bb5 Nf6 18. Bd3 Nd7 19. Qf4 Rfd8 20. e5 Rc3 21.
Re3 Rdc8 22. h4 h6 23. Nd2 Rc1+ 24. Rxc1 Rxc1+ 25. Kh2 f5 26. Rg3 Kh8 27. Nc4
Rc3 28. Nd6 Bd5 29. Rh3 Rb3 30. Qc1 Nf8 31. Qc8 Kh7 32. Qc2 Ng6 33. Nxf5 exf5
34. Bxf5 Rxh3+ 35. gxh3 Qxh4 36. Bxg6+ Kh8 37. Qc8+ Bg8 38. Kg1 Qg5+ 39. Qg4
Qc1+ 40. Kg2 Qc6+ 41. Be4 Qxa4 42. d5 Qe8 43. e6 a4 44. Qg3 Bh7 45. Qe5 a3 46.
d6 1-0

[Event "46th Rilton Cup 2016-17"]
[Site "Stockholm SWE"]
[Date "2016.12.27"]
[Round "1.14"]
[White "Morrison, Graham SCO"]
[Black "Kulaots, Kaido"]
[Result "0-1"]
[WhiteTitle "FM"]
[BlackTitle "GM"]
[WhiteElo "2283"]
[BlackElo "2556"]
[WhiteFideId "2400090"]
[BlackFideId "4500261"]
[EventDate "2016.12.27"]

1. d4 Nf6 2. c4 e6 3. Nf3 Bb4+ 4. Bd2 a5 5. g3 d6 6. Bg2 Nbd7 7. O-O e5 8. Be3
O-O 9. a3 exd4 10. Bxd4 Bc5 11. Nc3 Bxd4 12. Nxd4 Nb6 13. b3 a4 14. Nxa4 Nxa4
15. bxa4 Nd7 16. Rb1 Nc5 17. Rb4 c6 18. Qc2 Qf6 19. Rd1 Ra7 20. e4 Bg4 21. f3
Bd7 22. Ne2 Qe5 23. f4 Qe7 24. Nc3 Bg4 25. Rd2 f6 26. h3 Bh5 27. Kh2 Re8 28. Rd4
Raa8 29. Rb1 Qc7 30. Rb2 Red8 31. Qd2 Qa5 32. Rb4 Bf7 33. Qe3 Qa7 34. Qd2 Qa5
35. Qe3 Rab8 36. Bf1 Qc7 37. Rd2 Re8 38. Qf3 Bg6 39. Rd4 Re7 40. Qd1 Bxe4 41.
Rxd6 Rbe8 42. Rd2 Bg6 43. Qf3 Re3 44. Qf2 Qa5 0-1

[Event "46th Rilton Cup 2016-17"]
[Site "Stockholm SWE"]
[Date "2016.12.27"]
[Round "1.15"]
[White "Ivanov, Sergey"]
[Black "Nielsen, Hogni Egilstoft"]
[Result "1-0"]
[WhiteTitle "GM"]
[BlackTitle "FM"]
[WhiteElo "2545"]
[BlackElo "2262"]
[WhiteFideId "4101375"]
[BlackFideId "7200404"]
[EventDate "2016.12.27"]

1. d4 Nf6 2. c4 g6 3. Nc3 Bg7 4. e4 d6 5. Nf3 O-O 6. Be2 e5 7. O-O Nc6 8. d5 Ne7
9. b4 Nh5 10. g3 f5 11. Ng5 Nf6 12. Bf3 a5 13. b5 Ne8 14. Bg2 Rb8 15. Bd2 b6 16.
Re1 h6 17. Ne6 Bxe6 18. dxe6 Qc8 19. exf5 gxf5 20. Bd5 Nf6 21. Rc1 Kh7 22. Qc2
Qe8 23. Bg2 Qg6 24. Nd5 Nfxd5 25. cxd5 Rbc8 26. Qb3 e4 27. Bc3 Rg8 28. Rc2 Bxc3
29. Rxc3 Rg7 30. Rec1 Ng8 31. Rc6 Qe8 32. Qb2 Qd8 33. Qc3 Nf6 34. Qd4 Ng8 35.
Qc4 Nf6 36. Bh3 f4 37. e7 Qxe7 38. Bxc8 e3 39. Bf5+ 1-0

[Event "46th Rilton Cup 2016-17"]
[Site "Stockholm SWE"]
[Date "2016.12.27"]
[Round "1.16"]
[White "Chizhikov, Vladislav"]
[Black "Shyam, Sundar M."]
[Result "1/2-1/2"]
[BlackTitle "GM"]
[WhiteElo "2262"]
[BlackElo "2532"]
[WhiteFideId "4178157"]
[BlackFideId "5019141"]
[EventDate "2016.12.27"]

1. e4 c5 2. Nf3 d6 3. c3 Nf6 4. h3 Nbd7 5. Bd3 b6 6. O-O Bb7 7. Re1 Qc7 8. Bc2
Rc8 9. Na3 e6 10. d4 cxd4 11. cxd4 d5 12. exd5 Bxd5 13. Bb3 Bxa3 14. bxa3 O-O
15. Bd2 Qb7 16. Re3 Rc7 17. Rc1 Rfc8 18. Rxc7 Rxc7 19. a4 a5 20. Qb1 Ne4 21. Be1
Nd6 22. Bxd5 Qxd5 23. Rc3 Rxc3 24. Bxc3 Qc6 25. Qb3 Nf6 26. Ne5 Qc7 27. Bb2 Nd5
28. Ba3 Ne4 29. Qb5 Qc8 30. Bb2 Nd6 31. Qb3 f6 32. Nd3 Qc6 33. Kf1 Kf7 34. Ke2
g5 35. Kf1 Ne4 36. Kg1 Nd6 37. Kf1 Nf5 38. Ne1 Nb4 39. Bc3 Nxa2 40. Bd2 Nc1 41.
Bxc1 Qxc1 42. d5 exd5 43. Qxd5+ Kg6 44. Qe4 Qf4 45. Qe8+ Kh6 46. Nd3 Qd6 47. Qe4
Ne7 48. h4 gxh4 49. Qxh4+ Kg7 50. Qg4+ Ng6 51. Qe4 Qd7 52. g3 b5 53. Nc5 Qd1+
54. Kg2 bxa4 55. Qb7+ Kh6 56. Ne6 Nh4+ 57. Kh3 Nf5 58. Qe4 Ng7 59. Qe3+ Kg6 60.
Nf4+ Kf7 61. Qa7+ Kf8 62. Kg2 Qd6 63. Qxa5 a3 64. Nd5 h5 65. Nb4 h4 66. gxh4 Qd4
67. Qxa3 Qg4+ 68. Kf1 1/2-1/2

[Event "46th Rilton Cup 2016-17"]
[Site "Stockholm SWE"]
[Date "2016.12.27"]
[Round "1.17"]
[White "Tikkanen, Hans"]
[Black "Babikov, Ivan"]
[Result "1-0"]
[WhiteTitle "GM"]
[BlackTitle "FM"]
[WhiteElo "2531"]
[BlackElo "2259"]
[WhiteFideId "1706446"]
[BlackFideId "4161106"]
[EventDate "2016.12.27"]

1. d4 d5 2. c4 e5 3. dxe5 d4 4. Nf3 Nc6 5. Nbd2 Nge7 6. Nb3 Nf5 7. e4 dxe3 8.
Qxd8+ Nxd8 9. fxe3 Nc6 10. Bd3 Bb4+ 11. Ke2 O-O 12. Nbd4 Nfxd4+ 13. exd4 Bg4 14.
Be3 f6 15. e6 Rfe8 16. c5 Rxe6 17. Bc4 Nxd4+ 18. Kf2 Nc2 19. Nd4 Nxd4 20. Bxd4
Rd8 21. Be3 Kf8 22. Bxe6 Bxe6 23. Rhd1 Rxd1 24. Rxd1 Bxa2 25. Ra1 Bd5 26. Rxa7
Bc6 27. Ra8+ Ke7 28. Rg8 Kf7 29. Rc8 Ba5 30. Rd8 Ke6 31. Rd4 b6 32. Rh4 h6 33.
cxb6 Bxb6 34. Bxb6 cxb6 35. Rb4 b5 36. g3 h5 37. Rh4 g6 38. Ke3 Ke5 39. Rd4 Bd5
40. Rb4 Bc6 41. Rb3 g5 42. Rc3 Bd7 43. Rc5+ Kd6 44. b4 h4 45. gxh4 gxh4 46. Rh5
h3 47. Kd4 Ke7 48. Kc5 Bg4 49. Rh4 f5 50. Kxb5 Kf6 51. Kc4 Kg5 52. Rh8 Be2+ 53.
Kd4 Bf1 54. Ke3 f4+ 55. Kf2 Bg2 56. Rg8+ Kf5 57. Rxg2 1-0

[Event "46th Rilton Cup 2016-17"]
[Site "Stockholm SWE"]
[Date "2016.12.27"]
[Round "1.18"]
[White "Betaneli, Alexander"]
[Black "Swapnil, S. Dhopade"]
[Result "0-1"]
[WhiteTitle "FM"]
[BlackTitle "GM"]
[WhiteElo "2252"]
[BlackElo "2526"]
[WhiteFideId "2012359"]
[BlackFideId "5019184"]
[EventDate "2016.12.27"]

1. c4 Nf6 2. g3 c6 3. Nf3 d5 4. b3 Bg4 5. Bb2 Bxf3 6. exf3 g6 7. Bg2 Bg7 8. O-O
O-O 9. f4 e6 10. d3 Ne8 11. Qc2 Nd6 12. Nd2 Nd7 13. Bxg7 Kxg7 14. Nf3 Qf6 15.
Rfe1 Nf5 16. cxd5 exd5 17. Bh3 Rad8 18. Bxf5 Qxf5 19. Qc3+ Qf6 20. Qa5 a6 21. d4
Qd6 22. Ne5 Rde8 23. Re3 Re7 24. Rae1 Rfe8 25. Nxd7 Rxe3 26. Rxe3 Rxe3 27. fxe3
Qxd7 28. e4 Qg4 29. Qe1 Qe6 30. e5 Qf5 31. Qe2 h5 32. h4 Kf8 33. Kh2 Ke8 34. Qd2
Qe4 35. Qb4 Qc2+ 36. Kh3 Qb1 37. Kg2 Qxa2+ 38. Kf3 Qc2 39. Qxb7 Qe4+ 40. Kf2
Qxd4+ 41. Kg2 Qe4+ 42. Kh2 Qe2+ 43. Kg1 Qd1+ 44. Kg2 Qc2+ 45. Kf1 Kf8 46. Qb8+
Kg7 47. Qd6 Qe4 48. Qf6+ Kg8 49. Kf2 d4 50. b4 d3 51. e6 Qe2+ 52. Kg1 Qe1+ 53.
Kh2 Qxe6 54. Qd8+ Kh7 55. Qxd3 Qa2+ 56. Kh3 Qd5 57. Qf1 Qe4 58. Kh2 Qxb4 59.
Qxa6 Qd2+ 60. Kg1 Qd4+ 61. Kg2 c5 62. Qc6 c4 63. Qf3 Qd2+ 64. Kg1 c3 65. f5 c2
66. fxg6+ Kh6 0-1

[Event "46th Rilton Cup 2016-17"]
[Site "Stockholm SWE"]
[Date "2016.12.27"]
[Round "1.19"]
[White "Bromberger, Stefan"]
[Black "Sadhwani, Raunak"]
[Result "1-0"]
[WhiteTitle "GM"]
[BlackTitle "CM"]
[WhiteElo "2525"]
[BlackElo "2246"]
[WhiteFideId "4635248"]
[BlackFideId "35093487"]
[EventDate "2016.12.27"]

1. d4 Nf6 2. c4 e6 3. Nc3 Bb4 4. e3 O-O 5. Ne2 d5 6. a3 Be7 7. cxd5 exd5 8. Nf4
Bf5 9. h3 c6 10. g4 Be4 11. f3 Bg6 12. h4 h6 13. Nxg6 fxg6 14. Bd3 Nxg4 15. fxg4
Bxh4+ 16. Kd2 Rf2+ 17. Ne2 Bg5 18. Rf1 Rg2 19. Kc2 Qe8 20. e4 Bxc1 21. Rxc1 dxe4
22. Bc4+ Kh7 23. Kb1 e3 24. Qc2 Rxg4 25. Rg1 Rxg1 26. Rxg1 Nd7 27. Rxg6 Kh8 28.
Re6 Qf8 29. Rxe3 Nb6 30. Bb3 a5 31. Qe4 Qf1+ 32. Ka2 Nd7 33. Nf4 Nf8 34. Qf5 a4
35. Ng6+ Nxg6 36. Qxf1 axb3+ 37. Rxb3 b5 38. Qf7 Kh7 39. Rg3 Rg8 40. Qxg6+ Kh8
41. b4 c5 42. dxc5 1-0

[Event "46th Rilton Cup 2016-17"]
[Site "Stockholm SWE"]
[Date "2016.12.27"]
[Round "1.20"]
[White "Wiander, Michael"]
[Black "Hillarp Persson, Tiger"]
[Result "0-1"]
[WhiteTitle "CM"]
[BlackTitle "GM"]
[WhiteElo "2246"]
[BlackElo "2511"]
[WhiteFideId "1702580"]
[BlackFideId "1700812"]
[EventDate "2016.12.27"]

1. e4 g6 2. d3 Bg7 3. f4 d5 4. Qf3 c5 5. Nc3 d4 6. Nd1 Nc6 7. Nf2 Nf6 8. g3 e5
9. Ngh3 exf4 10. gxf4 Nb4 11. Qe2 O-O 12. Bg2 Re8 13. O-O Nfd5 14. a3 Nc6 15.
Rb1 Qh4 16. Qf3 Ne3 17. Bxe3 dxe3 18. Qxe3 Bxh3 19. Bxh3 Nd4 20. Kh1 Nxc2 21.
Qxc5 Nd4 22. Qg5 Qxg5 23. fxg5 Nf3 24. Rfd1 Bd4 25. Bg2 Nxg5 26. Rf1 Kg7 27. Nd1
Rac8 28. Nc3 Red8 29. Rfc1 Bxc3 30. Rxc3 Rxc3 31. bxc3 Rxd3 32. h4 Ne6 33. Rxb7
Nf4 34. Bf1 Rd1 35. Kg1 Ne2+ 36. Kg2 Nxc3 37. Bc4 Nxe4 38. Rxf7+ Kh6 39. Rxa7
Rd4 40. Rc7 Nf6 41. Kh3 Ne8 42. Re7 Ng7 43. Rc7 Nf5 44. Bg8 Rxh4+ 45. Kg2 Ng7
46. Ra7 Rd4 47. a4 Rd8 48. Bf7 Nf5 49. a5 Kg5 50. a6 Kf4 51. Rc7 Nh4+ 52. Kf1
Nf3 53. a7 Rd1+ 54. Ke2 Rd2+ 55. Kf1 Kg3 0-1

[Event "46th Rilton Cup 2016-17"]
[Site "Stockholm SWE"]
[Date "2016.12.27"]
[Round "1.21"]
[White "Pavlovic, Milos"]
[Black "Kucuksari, Kaan"]
[Result "1-0"]
[WhiteTitle "GM"]
[WhiteElo "2500"]
[BlackElo "2243"]
[WhiteFideId "900389"]
[BlackFideId "6380166"]
[EventDate "2016.12.27"]

1. Nf3 Nf6 2. g3 b6 3. Bg2 Bb7 4. O-O e6 5. c4 Be7 6. b3 O-O 7. Bb2 c5 8. Nc3 d5
9. e3 Nc6 10. cxd5 exd5 11. d4 Ne4 12. dxc5 Bf6 13. Nd4 Nxd4 14. Nxe4 dxe4 15.
Bxd4 bxc5 16. Bxf6 Qxf6 17. Qc2 Qe5 18. Rac1 Rac8 19. Rfd1 Rfd8 20. Rxd8+ Rxd8
21. Bf1 Qf6 22. Be2 Rd5 23. b4 h5 24. bxc5 Bc6 25. Rd1 Qe5 26. Rxd5 Qxd5 27. h4
g6 28. Bc4 Qe5 29. Bb3 Kg7 30. Qc4 Qa1+ 31. Kg2 Qf6 32. Qd4 a5 33. Kf1 a4 34.
Bc4 a3 35. Ke1 Bd7 36. Kd2 Qxd4+ 37. exd4 f5 38. d5 1-0

[Event "46th Rilton Cup 2016-17"]
[Site "Stockholm SWE"]
[Date "2016.12.27"]
[Round "1.22"]
[White "Rydstrom, Tom"]
[Black "Liang, Awonder"]
[Result "0-1"]
[WhiteTitle "FM"]
[BlackTitle "IM"]
[WhiteElo "2239"]
[BlackElo "2495"]
[WhiteFideId "1714830"]
[BlackFideId "2056437"]
[EventDate "2016.12.27"]

1. e4 d6 2. d4 Nf6 3. Nc3 e5 4. Nge2 Be7 5. g3 c6 6. Bg2 b5 7. a3 Bb7 8. O-O
Nbd7 9. h3 O-O 10. Be3 Re8 11. g4 Nb6 12. b3 Nfd7 13. f4 exd4 14. Nxd4 g6 15. g5
Bf8 16. Qd2 a6 17. Bf2 c5 18. Nde2 Qc7 19. Nd5 Nxd5 20. exd5 f5 21. Bf3 Nb6 22.
Rac1 a5 23. Nc3 Qd7 24. Rfe1 Bg7 25. Rxe8+ Rxe8 26. Re1 Rxe1+ 27. Bxe1 b4 28.
axb4 axb4 29. Nd1 Qf7 30. Ne3 Bd4 31. Bf2 Bxe3 32. Bxe3 Bxd5 33. Be2 Qe6 34. Bd3
Bc6 35. Bf1 Kf8 36. Kf2 Ke7 37. Qc1 Qe4 38. Qd2 0-1

[Event "46th Rilton Cup 2016-17"]
[Site "Stockholm SWE"]
[Date "2016.12.27"]
[Round "1.23"]
[White "Zumsande, Martin"]
[Black "Chan, Kim Yew"]
[Result "1-0"]
[WhiteTitle "IM"]
[WhiteElo "2485"]
[BlackElo "2231"]
[WhiteFideId "4651324"]
[BlackFideId "5717981"]
[EventDate "2016.12.27"]

1. e4 c5 2. Nf3 g6 3. c3 Bg7 4. d4 cxd4 5. cxd4 d5 6. e5 Bg4 7. Bb5+ Nc6 8.
Bxc6+ bxc6 9. Nbd2 e6 10. h3 Bxf3 11. Nxf3 Ne7 12. O-O O-O 13. Bg5 h6 14. Bd2
Qb6 15. Qc1 Nf5 16. Qc3 Rfc8 17. Rfc1 a5 18. Rc2 Kh7 19. Rac1 Bf8 20. g4 Bb4 21.
Qd3 Bxd2 22. Qxd2 Ne7 23. Qf4 Rf8 24. Ne1 Qb5 25. Qe3 Qa4 26. Nd3 Ra7 27. Nc5
Qb5 28. Kh2 Rc7 29. Qf3 Kg8 30. h4 Qb6 31. Rg1 Ra7 32. Qf4 1-0

[Event "46th Rilton Cup 2016-17"]
[Site "Stockholm SWE"]
[Date "2016.12.27"]
[Round "1.25"]
[White "Salomon, Johan"]
[Black "Glimbrant, Torbjorn"]
[Result "1-0"]
[WhiteTitle "IM"]
[WhiteElo "2470"]
[BlackElo "2228"]
[WhiteFideId "1509500"]
[BlackFideId "1700995"]
[EventDate "2016.12.27"]

1. Nf3 Nf6 2. c4 e6 3. g3 d5 4. d4 Be7 5. Bg2 O-O 6. O-O b6 7. cxd5 exd5 8. Nc3
Bb7 9. Bf4 Na6 10. Rc1 c5 11. dxc5 Nxc5 12. Nd4 Nfe4 13. Nxe4 dxe4 14. Nf5 Re8
15. Rc2 Bf8 16. Nd6 Bxd6 17. Bxd6 Qf6 18. Bxc5 bxc5 19. Qc1 Rac8 20. b3 Qe5 21.
Rd1 h5 22. h4 a5 23. Qe3 a4 24. bxa4 g6 25. Rdc1 c4 26. Rxc4 Rxc4 27. Rxc4 Qa1+
28. Kh2 Qxa2 29. Rc7 Bd5 30. Ra7 Qc4 31. Ra5 Qc6 32. Rc5 Qa8 33. a5 Qd8 34. Qg5
Qxg5 35. hxg5 Ba8 36. e3 Kg7 37. Bh3 Re7 38. a6 Ra7 39. Bf1 Kf8 40. Bc4 Ke7 41.
Rc8 1-0